00294nam a22000977a 450000500170000000800410001708200140005824500910007226000090016365000240017220231025133018.0231025b |||||||| |||| 00| 0 eng d a347.1 HIG aHigh Court Act with all Amendment, Regulations and Rules of the High Court of Namibia  c1990 aLegal practicebLaw